[Event "Mittelfranken Landesliga Nord 2122"]
[Site "Mittelfranken"]
[Date "2022.04.03"]
[Round "7.4"]
[White "Krug, Stefan"]
[Black "Muehling, Werner"]
[Result "1/2-1/2"]
[WhiteElo "2096"]
[BlackElo "2034"]
[PlyCount "25"]
[EventDate "2021.10.24"]
[EventType "team-tourn"]
[EventRounds "9"]
[EventCountry "GER"]
[SourceTitle "EXT 2024"]
[Source "ChessBase"]
[SourceDate "2023.10.10"]
[SourceVersion "1"]
[SourceVersionDate "2023.10.10"]
[SourceQuality "1"]
[WhiteTeam "Bamberg"]
[BlackTeam "Schwandorf"]
[WhiteTeamCountry "GER"]
[BlackTeamCountry "GER"]

1. e4 e5 2. Nc3 Nc6 3. Nf3 Nf6 4. d4 exd4 5. Nxd4 Bb4 6. Nxc6 bxc6 7. Bd3 d5 8. Bd2 0-0 9. 0-0 Re8 10. Nxd5 Nxd5 11. exd5 Bxd2 12. Qxd2 cxd5 13. b4 1/2-1/2

[Event "Landesliga Nord 1920"]
[Site "Bayern"]
[Date "2020.01.19"]
[Round "5.1"]
[White "Zvara, Petr"]
[Black "Krug, Stefan"]
[Result "1/2-1/2"]
[WhiteElo "2359"]
[BlackElo "2120"]
[PlyCount "34"]
[EventDate "2019.09.29"]
[EventType "team-tourn"]
[EventRounds "9"]
[EventCountry "GER"]
[SourceTitle "EXT 2021"]
[Source "ChessBase"]
[SourceDate "2020.10.23"]
[SourceVersion "1"]
[SourceVersionDate "2020.10.23"]
[SourceQuality "1"]
[WhiteTeam "Schwandorf"]
[BlackTeam "Bamberg SC"]
[WhiteTeamCountry "GER"]
[BlackTeamCountry "GER"]

1. e4 c6 2. d4 d5 3. e5 c5 4. dxc5 e6 5. Qg4 h5 6. Qg3 h4 7. Qg4 Nh6 8. Bxh6 Rxh6 9. Nf3 Qc7 10. Nc3 Qxc5 11. 0-0-0 Bd7 12. Rd2 Nc6 13. Bd3 0-0-0 14. Re1 Qb4 15. Qxb4 Bxb4 16. a3 Be7 17. Kb1 f6 1/2-1/2

[Event "Landesliga Nord 1920"]
[Site "Bayern"]
[Date "2019.10.20"]
[Round "1.2"]
[White "Krug, Stefan"]
[Black "Eichinger, Christoph"]
[Result "1/2-1/2"]
[WhiteElo "2120"]
[BlackElo "2226"]
[PlyCount "170"]
[EventDate "2019.09.29"]
[EventType "team-tourn"]
[EventRounds "9"]
[EventCountry "GER"]
[SourceTitle "EXT 2021"]
[Source "ChessBase"]
[SourceDate "2020.10.23"]
[SourceVersion "1"]
[SourceVersionDate "2020.10.23"]
[SourceQuality "1"]
[WhiteTeam "Bamberg SC"]
[BlackTeam "Kareth Lappersdorf"]
[WhiteTeamCountry "GER"]
[BlackTeamCountry "GER"]

1. e4 c5 2. c3 Nf6 3. e5 Nd5 4. Nf3 e6 5. d4 cxd4 6. cxd4 b6 7. Nc3 Nxc3 8. bxc3 Qc7 9. Bd2 Bb7 10. Bd3 d6 11. 0-0 Nd7 12. Re1 dxe5 13. Nxe5 Nxe5 14. Rxe5 Bd6 15. Rh5 g6 16. Rh3 Bf4 17. Qa4+ Kf8 18. Bxf4 Qxf4 19. Qd7 Rb8 20. Ba6 Bd5 21. c4 Be4 22. Re3 Kg7 23. g3 Qf5 24. f3 Ba8 25. Qb5 Rhd8 26. Qxf5 gxf5 27. Rd3 Rd6 28. Rad1 Bc6 29. Rb1 b5 30. c5 Rd7 31. Kf2 e5 32. Ke3 Bxf3 33. Rxb5 Rbd8 34. Rb4 Bc6 35. dxe5 Rd5 36. Rxd5 Rxd5 37. Kf4 Rxc5 38. Rc4 Rxc4+ 39. Bxc4 Bd7 40. Bd3 Be6 41. a3 f6 42. Bxf5 fxe5+ 43. Kxe5 Bb3 44. Kd6 h6 45. Ke7 Bd1 46. Bd3 Bb3 47. Bf5 Bd1 48. Ke6 Bb3+ 49. Ke5 Bd1 50. Bc8 Kg6 51. Ba6 Kg5 52. Bc8 Bb3 53. h4+ Kg6 54. Ba6 Bd1 55. Bd3+ Kh5 56. Kf4 Bb3 57. Bf5 Bd1 58. Bd7 Kg6 59. g4 Kf6 60. Bf5 Ba4 61. g5+ hxg5+ 62. hxg5+ Ke7 63. Ke5 Bb3 64. Be4 Ba2 65. g6 Kf8 66. Kf6 Bb3 67. Bc6 a5 68. a4 Kg8 69. Bd7 Kf8 70. Bc6 Kg8 71. Be4 Kf8 72. Bf5 Kg8 73. Bg4 Kf8 74. g7+ Kg8 75. Bh5 Bc4 76. Bg6 Bb3 77. Be8 Bc4 78. Bd7 Bb3 79. Be6+ Bxe6 80. Kxe6 Kxg7 81. Kd6 Kf7 82. Kd7 Kf6 83. Kd6 Kf7 84. Kc7 Ke7 85. Kb6 Kd6 1/2-1/2

[Event "Landesliga Nord 1819"]
[Site "Bayern"]
[Date "2019.01.20"]
[Round "5.3"]
[White "Krug, Stefan"]
[Black "Helgert, Johannes"]
[Result "1-0"]
[WhiteElo "2117"]
[BlackElo "1996"]
[PlyCount "81"]
[EventDate "2018.10.21"]
[EventType "team-tourn"]
[EventRounds "9"]
[EventCountry "GER"]
[SourceTitle "EXT 2022"]
[Source "ChessBase"]
[SourceDate "2021.10.06"]
[SourceVersion "1"]
[SourceVersionDate "2021.10.06"]
[SourceQuality "1"]
[WhiteTeam "Bamberg SC"]
[BlackTeam "Wuerzburg"]
[WhiteTeamCountry "GER"]
[BlackTeamCountry "GER"]

1. e4 e6 2. d4 d5 3. Nd2 Nf6 4. e5 Nfd7 5. c3 c5 6. Bd3 Nc6 7. Ne2 cxd4 8. cxd4 f6 9. exf6 Nxf6 10. Nf3 Bd6 11. 0-0 Qc7 12. Nc3 a6 13. Re1 0-0 14. h3 Nh5 15. Bxh7+ Kxh7 16. Ng5+ Kg6 17. Qd3+ Rf5 18. g4 Nf6 19. Nxe6 Bxe6 20. Rxe6 Ne7 21. Rxe7 Qxe7 22. Qxf5+ Kf7 23. Bg5 Rh8 24. Nxd5 Qe4 25. Bxf6 Qxf5 26. gxf5 gxf6 27. Kg2 Rg8+ 28. Kf3 Rh8 29. Rh1 Rh4 30. Ke3 Bb8 31. f4 Bd6 32. Ke4 Bb8 33. Rg1 Rxh3 34. Rg6 Rh2 35. Rxf6+ Ke8 36. Rb6 Re2+ 37. Kd3 Rf2 38. Rxb7 Bxf4 39. Nxf4 Rxf4 40. Ra7 Rxf5 41. Rxa6 1-0

[Event "Landesliga Nord 1819"]
[Site "Bayern"]
[Date "2018.11.25"]
[Round "3.3"]
[White "Krug, Stefan"]
[Black "Maurer, Christian"]
[Result "1/2-1/2"]
[WhiteElo "2117"]
[BlackElo "2087"]
[PlyCount "29"]
[EventDate "2018.10.21"]
[EventType "team-tourn"]
[EventRounds "9"]
[EventCountry "GER"]
[SourceTitle "EXT 2022"]
[Source "ChessBase"]
[SourceDate "2021.10.06"]
[SourceVersion "1"]
[SourceVersionDate "2021.10.06"]
[SourceQuality "1"]
[WhiteTeam "Bamberg SC"]
[BlackTeam "Kelheim SK"]
[WhiteTeamCountry "GER"]
[BlackTeamCountry "GER"]

1. e4 e5 2. Nc3 Nf6 3. Nf3 Nc6 4. d4 exd4 5. Nxd4 Bb4 6. Nxc6 bxc6 7. Bd3 d5 8. exd5 cxd5 9. 0-0 0-0 10. h3 c6 11. Qf3 Bd6 12. Bf4 Qc7 13. Bxd6 Qxd6 14. Rfe1 Rb8 15. b3 1/2-1/2

[Event "Landesliga Nord 1718"]
[Site "Bayern"]
[Date "2018.01.21"]
[Round "5.3"]
[White "Weigel, Robert"]
[Black "Krug, Stefan"]
[Result "1/2-1/2"]
[WhiteElo "2044"]
[BlackElo "2097"]
[PlyCount "28"]
[EventDate "2017.10.22"]
[EventType "team-tourn"]
[EventRounds "9"]
[EventCountry "GER"]
[SourceTitle "EXT 2022"]
[Source "ChessBase"]
[SourceDate "2021.10.06"]
[SourceVersion "1"]
[SourceVersionDate "2021.10.06"]
[SourceQuality "1"]
[WhiteTeam "Forchheim SC II"]
[BlackTeam "Bamberg SC"]
[WhiteTeamCountry "GER"]
[BlackTeamCountry "GER"]

1. Nf3 d5 2. d4 Nf6 3. c4 e6 4. Nc3 Be7 5. Bg5 0-0 6. e3 h6 7. Bh4 b6 8. cxd5 Nxd5 9. Bxe7 Qxe7 10. Rc1 Nxc3 11. Rxc3 Bb7 12. Be2 Rc8 13. 0-0 Nd7 14. Qa4 a6 1/2-1/2

[Event "Landesliga Nord 1718"]
[Site "Bayern"]
[Date "2017.12.10"]
[Round "4.2"]
[White "Eret, Jonas"]
[Black "Krug, Stefan"]
[Result "1-0"]
[WhiteElo "2245"]
[BlackElo "2097"]
[PlyCount "81"]
[EventDate "2017.10.22"]
[EventType "team-tourn"]
[EventRounds "9"]
[EventCountry "GER"]
[SourceTitle "EXT 2022"]
[Source "ChessBase"]
[SourceDate "2021.10.06"]
[SourceVersion "1"]
[SourceVersionDate "2021.10.06"]
[SourceQuality "1"]
[WhiteTeam "Bad Koetzting"]
[BlackTeam "Bamberg SC"]
[WhiteTeamCountry "GER"]
[BlackTeamCountry "GER"]

1. d4 d5 2. Bf4 Nf6 3. e3 e6 4. Bd3 Bd6 5. Bg3 b6 6. c3 0-0 7. Nd2 Bb7 8. Qc2 Ba6 9. Ngf3 Bxd3 10. Qxd3 Nc6 11. 0-0 Bxg3 12. hxg3 Ne7 13. e4 dxe4 14. Nxe4 Nxe4 15. Qxe4 Qd5 16. Qc2 Qf5 17. Qa4 Ng6 18. Rfd1 Rfd8 19. b4 h6 20. c4 a5 21. bxa5 Qxa5 22. Qc6 Rac8 23. Qe4 c6 24. a4 Qb4 25. Qc2 Rd7 26. Rdb1 Qa5 27. Qe2 Rb7 28. Ra2 Rcb8 29. Qe4 Qf5 30. Qxf5 exf5 31. Rab2 f6 32. c5 b5 33. d5 b4 34. dxc6 Rc7 35. Rxb4 Rxb4 36. Rxb4 Rxc6 37. Rb5 Ne7 38. Nd4 Ra6 39. a5 Nd5 40. c6 Nc3 41. c7 1-0

[Event "Landesliga Nord 1617"]
[Site "Bayern"]
[Date "2017.02.19"]
[Round "6.3"]
[White "Maurer, Christian"]
[Black "Krug, Stefan"]
[Result "1/2-1/2"]
[WhiteElo "2177"]
[BlackElo "2112"]
[PlyCount "26"]
[EventDate "2016.10.16"]
[EventType "team-tourn"]
[EventRounds "9"]
[EventCountry "GER"]
[SourceTitle "EXT 2019"]
[Source "ChessBase"]
[SourceDate "2018.10.10"]
[SourceVersion "1"]
[SourceVersionDate "2018.10.10"]
[SourceQuality "1"]
[WhiteTeam "Kelheim"]
[BlackTeam "Bamberg SC"]
[WhiteTeamCountry "GER"]
[BlackTeamCountry "GER"]

1. d4 d5 2. c4 e6 3. Nc3 Be7 4. cxd5 exd5 5. Bf4 c6 6. e3 Bd6 7. Bxd6 Qxd6 8. Bd3 Ne7 9. Qc2 b6 10. Nf3 Ba6 11. 0-0 Bxd3 12. Qxd3 0-0 13. Rac1 Nd7 1/2-1/2

[Event "Landesliga Nord 1617"]
[Site "Bayern"]
[Date "2016.11.20"]
[Round "2.1"]
[White "Lorenz, Mark"]
[Black "Krug, Stefan"]
[Result "1-0"]
[WhiteElo "2097"]
[BlackElo "2112"]
[PlyCount "111"]
[EventDate "2016.10.16"]
[EventType "team-tourn"]
[EventRounds "9"]
[EventCountry "GER"]
[SourceTitle "EXT 2019"]
[Source "ChessBase"]
[SourceDate "2018.10.10"]
[SourceVersion "1"]
[SourceVersionDate "2018.10.10"]
[SourceQuality "1"]
[WhiteTeam "Marktleuthen"]
[BlackTeam "Bamberg SC"]
[WhiteTeamCountry "GER"]
[BlackTeamCountry "GER"]

1. c4 e6 2. g3 d5 3. Bg2 Nf6 4. Nf3 Be7 5. 0-0 0-0 6. b3 b6 7. Bb2 Bb7 8. e3 c5 9. Nc3 dxc4 10. bxc4 Nc6 11. Qe2 Qc7 12. Rfd1 a6 13. Rab1 Rab8 14. Ne1 Rfd8 15. f4 Na7 16. Nf3 Ne4 17. Nxe4 Bxe4 18. d3 Ba8 19. Ng5 Bxg2 20. Qxg2 h6 21. Ne4 Nc6 22. Qc2 Rd7 23. a3 Rbd8 24. Qb3 Rb8 25. Ba1 f6 26. Bc3 Kh7 27. Qa4 a5 28. Rd2 Rbd8 29. Nf2 Na7 30. Rdb2 Nc8 31. Qd1 Qc6 32. Rb5 g6 33. Qe2 Kg7 34. h4 h5 35. Kh2 Kf7 36. Ba1 Rh8 37. Ne4 Rf8 38. R1b3 Bd8 39. Qb2 Ke8 40. Qg2 Qc7 41. Nf2 Kf7 42. Bc3 Qa7 43. Rb1 Nd6 44. R5b2 Nf5 45. Qf3 Bc7 46. e4 Nd4 47. Bxd4 Rxd4 48. f5 exf5 49. exf5 Rxh4+ 50. Kg2 Rd4 51. Ne4 Be5 52. Rxb6 Rd7 53. Rb7 Rxb7 54. Rxb7+ Qxb7 55. Nd6+ Bxd6 56. Qxb7+ 1-0

[Event "Landesliga Nord 1516"]
[Site "Bayern"]
[Date "2016.01.31"]
[Round "6.3"]
[White "Kwossek, Georg"]
[Black "Krug, Stefan"]
[Result "1/2-1/2"]
[WhiteElo "2021"]
[BlackElo "2112"]
[PlyCount "28"]
[EventDate "2015.10.11"]
[EventType "team-tourn"]
[EventRounds "9"]
[EventCountry "GER"]
[SourceTitle "EXT 2018"]
[Source "ChessBase"]
[SourceDate "2017.10.13"]
[SourceVersion "1"]
[SourceVersionDate "2017.10.13"]
[SourceQuality "1"]
[WhiteTeam "Kitzingen"]
[BlackTeam "Bamberg SC"]
[WhiteTeamCountry "GER"]
[BlackTeamCountry "GER"]

1. d4 d5 2. c4 e6 3. g3 Nf6 4. Bg2 Be7 5. Nf3 0-0 6. 0-0 dxc4 7. Qc2 a6 8. a4 Bd7 9. Qc3 Bc6 10. Bg5 h6 11. Bxf6 Bxf6 12. Nbd2 Bd5 13. Qc2 a5 14. e4 Bc6 1/2-1/2

[Event "Landesliga Nord 1516"]
[Site "Bayern"]
[Date "2016.01.17"]
[Round "5.3"]
[White "Seyb, Dieter"]
[Black "Krug, Stefan"]
[Result "1-0"]
[WhiteElo "2216"]
[BlackElo "2112"]
[PlyCount "91"]
[EventDate "2015.10.11"]
[EventType "team-tourn"]
[EventRounds "9"]
[EventCountry "GER"]
[SourceTitle "EXT 2018"]
[Source "ChessBase"]
[SourceDate "2017.10.13"]
[SourceVersion "1"]
[SourceVersionDate "2017.10.13"]
[SourceQuality "1"]
[WhiteTeam "Forchheim II"]
[BlackTeam "Bamberg SC"]
[WhiteTeamCountry "GER"]
[BlackTeamCountry "GER"]

1. e4 d5 2. exd5 Qxd5 3. Nc3 Qd8 4. Bc4 Nf6 5. Nf3 a6 6. d4 b5 7. Bb3 c5 8. dxc5 Qxd1+ 9. Nxd1 e6 10. a4 b4 11. Ne5 Bxc5 12. Be3 Nbd7 13. Bxc5 Nxc5 14. Bc4 Bb7 15. Ne3 Ke7 16. f3 Rad8 17. b3 Nfd7 18. Nxd7 Rxd7 19. Rd1 Rc8 20. Ke2 h6 21. a5 Rcd8 22. Rxd7+ Rxd7 23. Rd1 Rxd1 24. Nxd1 Kd6 25. Ke3 f6 26. Nf2 g5 27. Ng4 f5 28. Nxh6 Ke7 29. Ng8+ Kf7 30. Kd4 Nd7 31. g3 Bxf3 32. Nh6+ Kf6 33. Bxa6 Nb8 34. Bc4 Nc6+ 35. Ke3 Bd1 36. Kd2 Bf3 37. a6 Na7 38. c3 bxc3+ 39. Kxc3 Be4 40. b4 Kg7 41. b5 Nxb5+ 42. Bxb5 Kxh6 43. Kd4 Kg6 44. Ke5 Ba8 45. Be8+ Kg7 46. Bd7 1-0

[Event "Landesliga Nord 1415"]
[Site "Bayern"]
[Date "2015.03.15"]
[Round "8.3"]
[White "Maurer, Christian"]
[Black "Krug, Stefan"]
[Result "1/2-1/2"]
[WhiteElo "2177"]
[BlackElo "2112"]
[PlyCount "28"]
[EventDate "2014.10.19"]
[EventType "team-tourn"]
[EventRounds "9"]
[EventCountry "GER"]
[SourceTitle "EXT 2018"]
[Source "ChessBase"]
[SourceDate "2017.10.13"]
[SourceVersion "1"]
[SourceVersionDate "2017.10.13"]
[SourceQuality "1"]
[WhiteTeam "Kelheim"]
[BlackTeam "Bamberg SC"]
[WhiteTeamCountry "GER"]
[BlackTeamCountry "GER"]

1. d4 d5 2. c4 e6 3. Nc3 Be7 4. cxd5 exd5 5. Bf4 c6 6. Qc2 Bd6 7. Bxd6 Qxd6 8. e3 Qg6 9. Qxg6 hxg6 10. Nf3 Bf5 11. Ne5 Nf6 12. Bd3 Nbd7 13. Bxf5 gxf5 14. Nxd7 Nxd7 1/2-1/2

[Event "Landesliga Nord 1213"]
[Site "Bayern"]
[Date "2013.02.24"]
[Round "7.4"]
[White "Krug, Stefan"]
[Black "Pesch, Werner"]
[Result "1-0"]
[WhiteElo "2149"]
[BlackElo "2168"]
[PlyCount "41"]
[EventDate "2012.10.14"]
[EventType "team-tourn"]
[EventRounds "9"]
[EventCountry "GER"]
[SourceTitle "EXT 2015"]
[Source "ChessBase"]
[SourceDate "2014.11.20"]
[SourceVersion "1"]
[SourceVersionDate "2014.11.20"]
[SourceQuality "1"]
[WhiteTeam "Bamberg"]
[BlackTeam "Bindlach II"]
[WhiteTeamCountry "GER"]
[BlackTeamCountry "GER"]

1. e4 c5 2. c3 Qa5 3. Nf3 Nc6 4. Bc4 d6 5. h3 Nf6 6. Qe2 e6 7. 0-0 Qb6 8. d4 cxd4 9. cxd4 Nxd4 10. Nxd4 Qxd4 11. Nc3 Qb6 12. Be3 Qd8 13. Rad1 Bd7 14. f4 Qc7 15. Nb5 Bxb5 16. Bxb5+ Nd7 17. f5 e5 18. f6 gxf6 19. Rxf6 Be7 20. Rxf7 Kd8 21. Rc1 1-0

[Event "Landesliga Nord 1213"]
[Site "Bayern"]
[Date "2013.02.03"]
[Round "6.4"]
[White "Ederer, Rene"]
[Black "Krug, Stefan"]
[Result "1/2-1/2"]
[WhiteElo "2149"]
[BlackElo "2149"]
[PlyCount "41"]
[EventDate "2012.10.14"]
[EventType "team-tourn"]
[EventRounds "9"]
[EventCountry "GER"]
[SourceTitle "EXT 2015"]
[Source "ChessBase"]
[SourceDate "2014.11.20"]
[SourceVersion "1"]
[SourceVersionDate "2014.11.20"]
[SourceQuality "1"]
[WhiteTeam "Nuernberg NT II"]
[BlackTeam "Bamberg"]
[WhiteTeamCountry "GER"]
[BlackTeamCountry "GER"]

1. d4 d5 2. c4 e6 3. Nc3 Be7 4. Nf3 Nf6 5. Bg5 0-0 6. e3 h6 7. Bh4 b6 8. cxd5 Nxd5 9. Bxe7 Qxe7 10. Nxd5 exd5 11. Be2 Be6 12. Ne5 c5 13. Bf3 Nd7 14. Nxd7 Qxd7 15. dxc5 bxc5 16. 0-0 Rab8 17. Qc2 Qb5 18. Rab1 d4 19. Be2 c4 20. exd4 Bf5 21. Qxc4 1/2-1/2

[Event "Landesliga Nord 1213"]
[Site "Bayern"]
[Date "2012.12.09"]
[Round "4.4"]
[White "Kannenberg, Karl Heinz"]
[Black "Krug, Stefan"]
[Result "1/2-1/2"]
[WhiteElo "2106"]
[BlackElo "2149"]
[PlyCount "176"]
[EventDate "2012.10.14"]
[EventType "team-tourn"]
[EventRounds "9"]
[EventCountry "GER"]
[SourceTitle "EXT 2015"]
[Source "ChessBase"]
[SourceDate "2014.11.20"]
[SourceVersion "1"]
[SourceVersionDate "2014.11.20"]
[SourceQuality "1"]
[WhiteTeam "Kitzingen"]
[BlackTeam "Bamberg"]
[WhiteTeamCountry "GER"]
[BlackTeamCountry "GER"]

1. d4 d5 2. Nf3 Nf6 3. c4 e6 4. Nc3 Be7 5. Bg5 0-0 6. Rc1 h6 7. Bh4 b6 8. e3 Bb7 9. Qc2 c5 10. cxd5 exd5 11. Be2 Nbd7 12. 0-0 Ne4 13. Bxe7 Qxe7 14. dxc5 Nxc3 15. Qxc3 bxc5 16. Bb5 Rfc8 17. Qa3 Nb6 18. Ba6 Rab8 19. b3 Kf8 20. Rfd1 Rc7 21. Bxb7 Rbxb7 22. h3 Rb8 23. Rc2 Rbc8 24. Rdc1 Nd7 25. Qa6 Qe6 26. Qd3 Ne5 27. Nxe5 Qxe5 28. Rd1 Rd7 29. Qb5 Rdc7 30. b4 Qd6 31. Rcd2 Qb6 32. Qxb6 axb6 33. bxc5 bxc5 34. Rxd5 c4 35. Rd8+ Rxd8 36. Rxd8+ Ke7 37. Rd2 Ke6 38. Kf1 c3 39. Rd1 Ra7 40. Rc1 Rxa2 41. Rxc3 h5 42. Rc5 g6 43. g3 Rb2 44. Kg2 Ra2 45. Kf3 Rb2 46. Ra5 Rc2 47. g4 hxg4+ 48. hxg4 Rb2 49. Kg3 Re2 50. Ra3 g5 51. Ra6+ Ke7 52. Ra5 f6 53. Rf5 Kf7 54. Kf3 Re1 55. Rc5 Kg6 56. Rc6 Ra1 57. e4 Ra3+ 58. Kg2 Kf7 59. f3 Ra2+ 60. Kg3 Ra3 61. Rd6 Kg7 62. Rd5 Kg6 63. Kf2 Kf7 64. Ke2 Ke6 65. Rf5 Ra2+ 66. Kd3 Ra3+ 67. Kc4 Re3 68. Kc5 Ra3 69. Kc6 Rc3+ 70. Kb7 Rc4 71. Kb6 Rc3 72. Kb5 Rc1 73. Kb4 Rc2 74. Kb3 Rc1 75. Kb2 Rc4 76. Rd5 Rc6 77. Ra5 Rc4 78. Rf5 Rc6 79. e5 fxe5 80. Rxg5 Rc4 81. Rf5 e4 82. Rf4 Ke5 83. Rf5+ Kd4 84. g5 exf3 85. Rf4+ Kd3 86. Rxf3+ Ke4 87. Rf7 Rc8 88. g6 Rg8 1/2-1/2

[Event "Landesliga Nord 1011"]
[Site "Bayern"]
[Date "2011.03.20"]
[Round "8.3"]
[White "Krug, Stefan"]
[Black "Wutz, Christoph"]
[Result "1/2-1/2"]
[WhiteElo "2123"]
[BlackElo "2203"]
[PlyCount "37"]
[EventDate "2010.10.10"]
[EventType "team-tourn"]
[EventRounds "9"]
[EventCountry "GER"]
[SourceTitle "EXT 2012"]
[Source "ChessBase"]
[SourceDate "2011.11.24"]
[SourceVersion "1"]
[SourceVersionDate "2011.11.24"]
[SourceQuality "1"]
[WhiteTeam "Bamberg"]
[BlackTeam "Neutraubling"]
[WhiteTeamCountry "GER"]
[BlackTeamCountry "GER"]

1. e4 e6 2. d4 d5 3. Nd2 Nf6 4. e5 Nfd7 5. c3 c5 6. Bd3 Nc6 7. Ne2 cxd4 8. cxd4 f6 9. exf6 Qxf6 10. Nf3 h6 11. 0-0 Bd6 12. Be3 0-0 13. Bc2 Rd8 14. Qd2 Nf8 15. Bf4 Bxf4 16. Nxf4 Bd7 17. Rfe1 Be8 18. Ba4 Na5 19. Qxa5 1/2-1/2

[Event "Landesliga Nord 1011"]
[Site "Bayern"]
[Date "2010.12.12"]
[Round "4.3"]
[White "Scheremet, Michael"]
[Black "Krug, Stefan"]
[Result "1/2-1/2"]
[WhiteElo "2208"]
[BlackElo "2123"]
[PlyCount "30"]
[EventDate "2010.10.10"]
[EventType "team-tourn"]
[EventRounds "9"]
[EventCountry "GER"]
[SourceTitle "EXT 2012"]
[Source "ChessBase"]
[SourceDate "2011.11.24"]
[SourceVersion "1"]
[SourceVersionDate "2011.11.24"]
[SourceQuality "1"]
[WhiteTeam "Nuernberg NT II"]
[BlackTeam "Bamberg"]
[WhiteTeamCountry "GER"]
[BlackTeamCountry "GER"]

1. g3 d5 2. Bg2 Nf6 3. Nf3 e6 4. 0-0 c5 5. c4 Nc6 6. cxd5 Nxd5 7. Nc3 Be7 8. Nxd5 exd5 9. d4 0-0 10. dxc5 Bxc5 11. b3 Be6 12. Bb2 Qe7 13. e3 Rac8 14. Nd4 Nxd4 15. Bxd4 b6 1/2-1/2

[Event "Oberliga Bayern 0809"]
[Site "Bayern"]
[Date "2008.12.14"]
[Round "4.6"]
[White "Krug, Stefan"]
[Black "Scheckenbach, Franz"]
[Result "1-0"]
[WhiteElo "2083"]
[BlackElo "2123"]
[PlyCount "67"]
[EventDate "2008.10.05"]
[EventType "team-tourn"]
[EventRounds "9"]
[EventCountry "GER"]
[SourceTitle "EXT 2020"]
[Source "ChessBase"]
[SourceDate "2019.10.17"]
[SourceVersion "1"]
[SourceVersionDate "2019.10.17"]
[SourceQuality "1"]
[WhiteTeam "Bamberg SC"]
[BlackTeam "Groebenzell"]
[WhiteTeamCountry "GER"]
[BlackTeamCountry "GER"]

1. e4 c5 2. c3 d6 3. d4 Nf6 4. Bd3 g6 5. dxc5 dxc5 6. e5 Nd5 7. Be4 e6 8. c4 Qh4 9. Qe2 Nb6 10. Nf3 Qd8 11. Nc3 Be7 12. Bh6 a6 13. Rd1 Qc7 14. 0-0 Bd7 15. Rfe1 Nc6 16. Nd5 exd5 17. cxd5 Nxd5 18. Bxd5 Be6 19. Bxe6 fxe6 20. Qc4 Qc8 21. Bg7 Rg8 22. Bf6 Rf8 23. Bxe7 Nxe7 24. Ng5 Nd5 25. Ne4 Rf4 26. Nf6+ Kf7 27. Qc1 Rxf6 28. exf6 Qc6 29. Qh6 Kxf6 30. Rd3 e5 31. Rf3+ Nf4 32. Rxe5 Qxf3 33. gxf3 Kxe5 34. Qg5+ 1-0

[Event "Oberliga Bayern 0809"]
[Site "Bayern"]
[Date "2008.11.30"]
[Round "3.5"]
[White "Krug, Stefan"]
[Black "Wild, Rudolf"]
[Result "1-0"]
[WhiteElo "2083"]
[BlackElo "2205"]
[PlyCount "99"]
[EventDate "2008.10.05"]
[EventType "team-tourn"]
[EventRounds "9"]
[EventCountry "GER"]
[SourceTitle "EXT 2020"]
[Source "ChessBase"]
[SourceDate "2019.10.17"]
[SourceVersion "1"]
[SourceVersionDate "2019.10.17"]
[SourceQuality "1"]
[WhiteTeam "Bamberg SC"]
[BlackTeam "Krumbach"]
[WhiteTeamCountry "GER"]
[BlackTeamCountry "GER"]

1. e4 c5 2. c3 Nf6 3. e5 Nd5 4. d4 e6 5. Nf3 cxd4 6. cxd4 d6 7. a3 Nc6 8. Bd3 Qb6 9. 0-0 Bd7 10. Nc3 Nxc3 11. bxc3 dxe5 12. dxe5 Bc5 13. Qe2 Qc7 14. Bf4 Ne7 15. Ng5 h6 16. Ne4 Nd5 17. Bd2 Be7 18. c4 Nb6 19. c5 Bxc5 20. Rac1 Na4 21. Bb5 b6 22. Nd6+ Ke7 23. Bxa4 Bxa4 24. Qg4 Bc6 25. Qxg7 Rag8 26. Qf6+ Kd7 27. Qxf7+ Kd8 28. g3 Bxd6 29. Qxc7+ Kxc7 30. exd6+ Kxd6 31. Bf4+ Kd7 32. Be5 Rc8 33. Bxh8 Rxh8 34. f4 Rf8 35. Rfe1 Bd5 36. Kf2 Kd6 37. Re5 b5 38. Ke3 a5 39. Kd4 Rb8 40. Rb1 b4 41. axb4 axb4 42. Re2 b3 43. Kc3 h5 44. Ra1 Rc8+ 45. Kb2 Rc6 46. Ra3 Rb6 47. Ra5 Bc4 48. Rd2+ Ke7 49. Rxh5 Ra6 50. Kc3 1-0

[Event "Oberliga Bayern 0708"]
[Site "Bayern"]
[Date "2008.03.09"]
[Round "7.8"]
[White "Berchtenbreiter, Maximilian"]
[Black "Krug, Stefan"]
[Result "1/2-1/2"]
[WhiteElo "2059"]
[BlackElo "2083"]
[PlyCount "71"]
[EventDate "2007.10.21"]
[EventType "team-tourn"]
[EventRounds "9"]
[EventCountry "GER"]
[SourceTitle "EXT 2009"]
[Source "ChessBase"]
[SourceDate "2008.11.26"]
[SourceVersion "1"]
[SourceVersionDate "2008.11.26"]
[SourceQuality "1"]
[WhiteTeam "Pang/Rosenheim"]
[BlackTeam "Bamberg"]
[WhiteTeamCountry "GER"]
[BlackTeamCountry "GER"]

1. e4 c6 2. d4 d5 3. Nc3 dxe4 4. Nxe4 Nf6 5. Nxf6+ gxf6 6. Bc4 Bf5 7. Ne2 e6 8. Bf4 Bd6 9. Qd2 Bxf4 10. Nxf4 Nd7 11. f3 Qc7 12. 0-0-0 0-0-0 13. g4 Nb6 14. Bb3 e5 15. Qa5 Bg6 16. Nxg6 hxg6 17. dxe5 fxe5 18. Qxa7 Rxd1+ 19. Rxd1 Rxh2 20. Kb1 Rh8 21. a4 Rd8 22. Rh1 Nd5 23. Rh7 Qd7 24. Qa5 Kb8 25. Rxf7 Qxf7 26. Qxd8+ Ka7 27. Qa5+ Kb8 28. c4 Qxf3 29. cxd5 Qxb3 30. dxc6 Qd3+ 31. Kc1 Qe3+ 32. Kb1 Qe4+ 33. Ka2 bxc6 34. Qb6+ Kc8 35. a5 Qa4+ 36. Kb1 1/2-1/2